| 000 | 00853 a2200241 4500 | ||
|---|---|---|---|
| 001 | 122352 | ||
| 020 | _a9788537701232 | ||
| 040 | _cEscola Canadense de Niteroi | ||
| 090 | _aT3 | ||
| 100 | _aRoca, Núria | ||
| 245 | 1 | 0 | _aOs 3 Erres: reutilizar, reduzir, reciclar |
| 250 | _a1 ed | ||
| 260 | _aSão Paulo | ||
| 300 |
_a40 p. _bil. _c0 x 24.00 cm (brochura) |
||
| 362 | 0 | _a2007 | |
| 490 | 0 | _aJanelas do Mundo | |
| 520 | _aOs "três erres" nos ensinam diferentes modos de diminuir a poluição ambiental, para que nosso planeta seja preservado e a água que bebemos esteja sempre fresca. As três palavras que começam com a letra R (reutilizar, reduzir e reciclar) nos ensinam a cuidar de nosso planeta. | ||
| 650 | 4 | _aLiteratura Infantil | |
| 650 | 4 | _aReciclagem | |
| 650 | 4 | _aEconomizar Água | |
| 650 | 4 | _aMeio Ambiente | |
| 942 | _cBK | ||
| 999 |
_c122352 _d122352 |
||